| 000 | 00477nam a2200193Ia 4500 | ||
|---|---|---|---|
| 005 | 20240823062646.0 | ||
| 008 | 240823s9999||||xx |||||||||||||| ||und|| | ||
| 041 | _aENGLISH | ||
| 082 | _A658.4092 N2 | ||
| 100 | _aSingh P | ||
| 245 | 0 | _aCorporate Success and Transmational Leadership | |
| 250 | _a1st | ||
| 260 |
_c1992 _b"Wiley,New Delhi" |
||
| 500 | _aYES | ||
| 650 |
_aManagement _bManagement Studies |
||
| 700 | _a Asha Bhandarkar | ||
| 942 | _cBK | ||
| 999 |
_c236403 _d236403 |
||